Women and the environment / (Record no. 9065)

MARC details
000 -LEADER
fixed length control field 01096cam a2200325 a 4500
001 - CONTROL NUMBER
control field 627307
003 - CONTROL NUMBER IDENTIFIER
control field OSt
005 - DATE AND TIME OF LATEST TRANSACTION
control field 20240704121633.0
008 - FIXED-LENGTH DATA ELEMENTS--GENERAL INFORMATION
fixed length control field 931006s1991 enka b 001 0 eng d
010 ## - LIBRARY OF CONGRESS CONTROL NUMBER
LC control number 92223118
020 ## - INTERNATIONAL STANDARD BOOK NUMBER
International Standard Book Number 0862329841 (bound)
020 ## - INTERNATIONAL STANDARD BOOK NUMBER
International Standard Book Number 086232985X (pbk.)
035 ## - SYSTEM CONTROL NUMBER
System control number (OCoLC)24866421
040 ## - CATALOGING SOURCE
Transcribing agency must
042 ## - AUTHENTICATION CODE
Authentication code lccopycat
050 00 - LIBRARY OF CONGRESS CALL NUMBER
Classification number HQ1240
Item number .R63 1991
082 00 - DEWEY DECIMAL CLASSIFICATION NUMBER
Classification number 305.4 ROD 1993
Edition number 20
100 1# - MAIN ENTRY--PERSONAL NAME
Personal name Rodda, Annabel.
9 (RLIN) 18432
245 10 - TITLE STATEMENT
Title Women and the environment /
Statement of responsibility, etc. prepared by Annabel Rodda.
260 ## - PUBLICATION, DISTRIBUTION, ETC. (IMPRINT)
Place of publication, distribution, etc. London ;
-- Atlantic Highlands, N.J. :
Name of publisher, distributor, etc. Zed Books,
Date of publication, distribution, etc. 1991.
300 ## - PHYSICAL DESCRIPTION
Extent vii, 180 p. :
Other physical details ill. ;
Dimensions 24 cm.
440 #0 - SERIES STATEMENT/ADDED ENTRY--TITLE
Title Women and world development series
9 (RLIN) 18433
504 ## - BIBLIOGRAPHY, ETC. NOTE
Bibliography, etc Includes bibliographical references and index.
650 #0 - SUBJECT ADDED ENTRY--TOPICAL TERM
Topical term or geographic name as entry element Women in development.
9 (RLIN) 1047
650 #0 - SUBJECT ADDED ENTRY--TOPICAL TERM
Topical term or geographic name as entry element Women and the environment.
9 (RLIN) 7082
650 #0 - SUBJECT ADDED ENTRY--TOPICAL TERM
Topical term or geographic name as entry element Women
General subdivision Social conditions.
9 (RLIN) 6975
906 ## - LOCAL DATA ELEMENT F, LDF (RLIN)
a 7
b cbc
c copycat
d 2
e ncip
f 19
g y-gencatlg
942 ## - ADDED ENTRY ELEMENTS (KOHA)
Source of classification or shelving scheme Dewey Decimal Classification
Koha item type Open Shelf
Holdings
Withdrawn status Lost status Source of classification or shelving scheme Damaged status Not for loan Home library Current library Date acquired Source of acquisition Inventory number Total Checkouts Full call number Barcode Date last seen Price effective from Koha item type
    Dewey Decimal Classification     MUST Main Library MUST Main Library 04/07/2024 purchase 03/19233   305.4 ROD 1993 2024-21771 04/07/2024 04/07/2024 Open Shelf
    Dewey Decimal Classification     MUST Main Library MUST Main Library 23/07/2024 Purchase 2003/19234   305.4 ROD 1993 2024-22093 23/07/2024 23/07/2024 Open Shelf